Ubicaciones de telespejo en yokai watch - Estadísticas

Estadísticas generales
  • Esta prueba ha sido intentada 27 veces
    21 desde el último reinicio
  • La puntuación promedio es 19 de 41
Estadísticas de respuestas
Respuesta % Correcto
Superhiper Norte
92%
Superhiper Sur
92%
Casa de la Abuela
85%
Templo Shoten
85%
Colegio de Floridablanca
77%
Segundos Relojes
77%
Casa de los Adams
69%
Superhiper Colinas del Aura
69%
Superhiper Cumbres Floreadas
69%
Torre excelencia
69%
Superhiper Zona Comercial
62%
Tunel Abandonado
62%
Apartamentos Paz
54%
Caza y Sedal
54%
Estacion Central de Floridablanca
54%
Estanque Calabaza
54%
Hospital Nocturno
54%
Banco Cerdibank
46%
Mansion del Viajero
46%
Roca Caradura
46%
Templo de la Virtud
46%
Zona Comercial
46%
Monte Arboleda Cima
38%
Oficina de Correos Borreguero
38%
Parque Rompeolas
38%
San Fantastico Plaza de la Estación
38%
Templo de Arboleda
38%
Gruta Marina
31%
Monte Piedrasolano
31%
San Fantastico el Muelle
31%
Vieja Mansion
31%
Bellon Plaza de la Estacion
23%
Centro Cívico
23%
Obras
23%
Antiguo Bellon Plaza de la Estación
15%
Camara Acorazada del Museo del Estanque Calabaza
15%
Jardines Lilas
15%
Alcantarillado de Floridablanca
8%
Antigua Floridablanca Llanuras Planitas
8%
Antiguo Bellon Colina del Cabello
8%
Club Deportivo Floridablanca
8%
No se encontraron pruebas coincidentes
Distribución de puntuación
Porcentaje de gente con cada puntuación
Porcentaje por número respondido
Historial de tus puntuaciones
No has intentado esta prueba desde el último reinicio